000 00154nam a22000857a 4500
082 _a823
100 _aMORROU, L R
245 _aMY BIBLE RE STORY
942 _cBK
999 _c8123
_d8123